| 000 | 00375nam a22001577a 4500 | ||
|---|---|---|---|
| 003 | OSt | ||
| 005 | 20250510163939.0 | ||
| 008 | 250510b |||||||| |||| 00| 0 eng d | ||
| 020 | _a9789353167523 | ||
| 040 | _cIIMT ENGINEERING COLLEGE | ||
| 100 | _aDUGGAL S K | ||
| 245 | _aSURVEYING-II | ||
| 260 |
_aNEW DELHI _bTMH PUB _c03/05/25 |
||
| 300 | _a527 | ||
| 942 |
_2ddc _c01 _e5 ED |
||
| 999 |
_c65599 _d65599 |
||